000 04335nab a2200385 i 4500
003 BR-BrBNA
005 20240930110512.0
008 240930b2018 bl.|r|pooa||| 00| 0 por |
040 _aBR-BrBNA
_bpor
072 _aL73
_b8890
072 _aL70
100 _aTeodoro, T.G.W.
100 _aOliveira Junior, I.M.
100 _aLima, H.C.
100 _aReis, M.O.
100 _aMiranda, J.L.
100 _aFavoretto, S.M.
100 _aPinto, H.A.
100 _aLacreta Júnior, A.C.C.
100 _aWouters, A.T.B.
100 _aVaraschin, M.S.
245 _aPsittacara leucophthalmus (Aves: Psittacidae) como um novo hospedeiro de Paratanaisia bragai (Trematoda: Eucotylidae) no Brasil: achados clínicos e patológicos: relato de caso
500 _a Publicação online; 13 ref.; 5 illus.; Summaries (En, Pt)
520 _a RESUMO - Paratanaisia bragai é um trematódeo que parasita rins e ureteres de aves domésticas e selvagens. Apesar de considerado pouco patogênico pode levar a complicações clínicas e morte em infecções severas. No presente estudo, um caso de parasitismo fatal em maritaca (Psittacara leucophthalmus) por P. bragai é relatado. A ave, oriunda da área urbana do município de Lavras, Minas Gerais, Brasil, teve manifestações clínicas de apatia, desidratação, dispneia e veio a óbito. Na necropsia foram observados rins aumentados de volume, pálidos, com superfície irregular e nodulações esbranquiçadas. Ao corte verificaram-se parasitos nos rins, que foram processados para montagem de lâminas permanentes e identificados segundo técnica de rotina como P. bragai. No exame histopatológico dos rins foram constatados infiltrado inflamatório linfoplasmocítico multifocal moderado, dilatação de túbulos e focos de regeneração tubular, associados a fibrose intersticial moderada no córtex renal. Na medula renal havia infiltrado de macrófagos, heterófilos, eosinófilos e células gigantes multinucleadas associado a parasitos em ductos coletores dilatados. O parasitismo de P. leucophthalmus por P. bragai é relatado pela primeira vez. A importância de se considerar este parasito entre as possibilidades diagnósticas em aves com insuficiência renal é brevemente discutida. Palavras-chave: doenças parasitárias, trematódeos, psitacídeos
520 _a ABSTRACT - Paratanaisia bragai is a trematode parasite of the kidneys and ureters of poultry and wild birds. Despite its low pathogenicity, this parasite can lead to several clinical complications and death in heavy infections. In the present study, a fatal case of parasitism by P. bragai in a specimen of the White-eyed Parakeet, Psittacara leucophthalmus, is reported. The bird, coming from the urban area of the county of Lavras, Minas Gerais, Brazil, was clinically evaluated and revealed apathy, dehydration, dyspnea, and death. The gross findings were pale and enlarged kidneys, which also had irregular surface with whitish nodulations. Parasites were observed on cutting surface of the renal parenchyma. They were processed for assembly of permanent slides and identified as P. bragai according to routine technique. The histologic findings were mild multifocal lymphoplasmacytic infiltrate, tubular dilatation and foci of tubular regeneration related to mild interstitial fibrosis in the renal cortex, and infiltration of macrophages, heterophils, eosinophils and multinucleated giant cells associated with metazoan parasites in the collecting ducts in renal medulla. The parasitism of P. leucophthalmus by P. bragai is reported for the first time. The importance of considering this parasite among the diagnostic possibilities in birds with renal insufficiency is briefly discussed. Keywords: parasitic diseases, trematodes, psittacidae
650 _aMARITACA
650 _aPARASITO
650 _aTREMATÓDEO
650 _aRIM
650 _aHISTOPATOLOGIA
773 0 _01643
_9344677
_dBelo Horizonte-MG Universidade Federal de Minas Gerais - Escola de Veterinaria 1983
_o2024-5011
_tArquivo Brasileiro de Medicina Veterinária e Zootecnia (Brazil)
_x0102-0935
_gv. 70(5) p. 1569-1576; (2018)
_wBR2024002745
856 _uhttps://www.scielo.br/j/abmvz/a/v6xZ6LrWbnZcJ4Rkg4mfGys/?format=pdf&lang=pt
942 _cANA
999 _c327875
_d327875